Hilgard's introduction to psychology / (Record no. 5085)

MARC details
000 -LEADER
fixed length control field 01205nam a22003017i 4500
003 - CONTROL NUMBER IDENTIFIER
control field URS
005 - DATE AND TIME OF LATEST TRANSACTION
control field 20220117120636.0
008 - FIXED-LENGTH DATA ELEMENTS--GENERAL INFORMATION
fixed length control field 180515b xxu||||| |||| 00| 0 eng d
040 ## - CATALOGING SOURCE
Original cataloging agency DLC
Description conventions rda
Transcribing agency URS
Modifying agency DLC
Language of cataloging eng
050 14 - LIBRARY OF CONGRESS CALL NUMBER
Classification number BF 121
Item number .H548 1996
245 00 - TITLE STATEMENT
Title Hilgard's introduction to psychology /
Statement of responsibility, etc. Rita L. Atkinson ... [and others].-
246 30 - VARYING FORM OF TITLE
Title proper/short title Introduction to psychology.
250 ## - EDITION STATEMENT
Edition statement Twelfth edition.-
264 #1 - PRODUCTION, PUBLICATION, DISTRIBUTION, MANUFACTURE, AND COPYRIGHT NOTICE
Place of production, publication, distribution, manufacture Fort Worth :
Name of producer, publisher, distributor, manufacturer Harcourt Brace College Publishers,
Date of production, publication, distribution, manufacture, or copyright notice [1996]
264 #4 - PRODUCTION, PUBLICATION, DISTRIBUTION, MANUFACTURE, AND COPYRIGHT NOTICE
Date of production, publication, distribution, manufacture, or copyright notice ©1996
300 ## - PHYSICAL DESCRIPTION
Extent xxi, 776 pages :
Other physical details illustrations (some colored) ;
Dimensions 29 cm
336 ## - CONTENT TYPE
Content type term text
Content type code txt
Source rdacontent
337 ## - MEDIA TYPE
Media type term unmediated
Media type code n
Source rdamedia
338 ## - CARRIER TYPE
Carrier type term volume
Carrier type code nc
Source rdacarrier
500 ## - GENERAL NOTE
General note Rev. edition of: Introduction to psychology / Rita L. Atkinson ... [and others]. 11th edition c1993.
504 ## - BIBLIOGRAPHY, ETC. NOTE
Bibliography, etc. note Includes bibliographical references (pages [710]-745) and indexes.
650 #0 - SUBJECT ADDED ENTRY--TOPICAL TERM
Topical term or geographic name entry element Psychology.
700 1# - ADDED ENTRY--PERSONAL NAME
Personal name Atkinson, Rita L.
700 1# - ADDED ENTRY--PERSONAL NAME
Personal name Hilgard, Ernest R.
Fuller form of name (Ernest Ropiequet),
Dates associated with a name 1904-2001.
Title of a work Introduction to psychology .
906 ## - LOCAL DATA ELEMENT F, LDF (RLIN)
a 7
b cbc
c orignew
d 2
e opcn
f 19
g y-gencatlg
942 ## - ADDED ENTRY ELEMENTS (KOHA)
Source of classification or shelving scheme Library of Congress Classification
Koha item type Foreign Books
Holdings
Withdrawn status Source of classification or shelving scheme Damaged status Not for loan Collection code Home library Current library Shelving location Date acquired Source of acquisition Total Checkouts Full call number Barcode Date last seen Price effective from Koha item type
  Library of Congress Classification     Non-fiction Antipolo College Library Antipolo College Library On Display 05/15/2018 Purchased   BF 121 .H548 1996 URSANT-00097 05/15/2018 05/15/2018 Foreign Books
  Library of Congress Classification     Non-fiction Antipolo College Library Antipolo College Library On Display 05/15/2018 Purchased   BF 121 .H548 1996 URSANT-00095 05/15/2018 05/15/2018 Foreign Books
  Library of Congress Classification     Non-fiction Antipolo College Library Antipolo College Library On Display 05/15/2018 Purchased   BF 121 .H548 1996 URSANT-00094 05/15/2018 05/15/2018 Foreign Books
  Library of Congress Classification     Non-fiction Antipolo College Library Antipolo College Library On Display 05/15/2018 Purchased   BF 121 .H548 1996 URSANT-00092 05/15/2018 05/15/2018 Foreign Books

University of Rizal System
Email us at univlibservices@urs.edu.ph

Visit our Website www.urs.edu.ph/library